=LDR 00000nam 2200000 4500 =001 INLIS000000000016713 =005 20201117085138 =035 ##$$a 0010-061300000016713 =008 201117###########################0###### =041 ##$$a Ind =082 ##$$a R.324.259 802 6 =090 ##$$a R.324.259 802 6, Ind u =100 ##$$a Indonesia[Undang-Undang dan Peraturan] =245 1#$$a Undang-undang RI nomor 31 tahun 2002 tentang Partai Politik =260 ##$$a 2003 :$b Bandung =300 ##$$a 81 hlm, 21 cm =650 #4$$a Partai Politik Indonesia Undang-Undang dan Peraturan =850 ##$$a NBPNMAT